000
00301nam a22001337a 4500
008
170608b xxu||||| |||| 00| 0 eng d
020
_a
9780415110648
041
_a
eng
080
_a
327
100
_a
18
101
_a
SHP
245
_a
DEMOCRATIZATION EASTERN EUROPE
_c
PRIDHAM.G
942
_2
udc
_c
BK
999
_c
16500
_d
16500